000
00240nam a22001097a 4500
008
180806b xxu||||| |||| 00| 0 eng d
082
_a
813.52
245
_a
The Human Body
_c
Britanica
260
_c
2008
300
_a
1
_f
CD
942
_2
ddc
_c
MX
999
_c
46849
_d
46849